000 00700nam a2200229 a 4500
001 64482
003 BD-RjUL
005 20211209081320.0
008 170215s1982 enka b 000 0 eng
035 _a(BD-RjUL)64612
040 _aDLC
_cDLC
_dm.c
_dBD-RjUL
_beng
041 _aeng
082 _223
_a985.0633
_bPOS 1982
245 1 0 _aPost-revolutionary Peru :
_bthe politics of transformation /
_cStephen M Gorman
260 _aColorado :
_bWestview press,
_cc1982
300 _a252 p. ;
_c23 cm.
504 _aIncludes Bibliography.
650 _aPolitics and government
_zPeru
_9191295
650 _aEconomic history -1968-1980
_9172944
700 _aGorman, Stephen M.
_9191296
942 _2ddc
_cBK
999 _c64482
_d64482